Welcome to CU Library Online Public Access Catalogue (OPAC)

How the Bible was built / (Record no. 6526)

MARC details
000 -LEADER
fixed length control field 00559cam a22001814a 4500
001 - CONTROL NUMBER
control field 14082605
005 - DATE AND TIME OF LATEST TRANSACTION
control field 20250617082044.0
008 - FIXED-LENGTH DATA ELEMENTS--GENERAL INFORMATION
fixed length control field 050822s2005 miu 000 0 eng
020 ## - INTERNATIONAL STANDARD BOOK NUMBER
International Standard Book Number 0802829430 (pbk. : alk. paper)
050 00 - LIBRARY OF CONGRESS CALL NUMBER
Classification number BS445
Item number .S58 2005
082 00 - DEWEY DECIMAL CLASSIFICATION NUMBER
Classification number 220.09
Edition information 22
100 1# - MAIN ENTRY--PERSONAL NAME
Personal name Smith, Charles Merrill.
245 10 - TITLE STATEMENT
Title How the Bible was built /
Statement of responsibility, etc. Charles Merrill Smith, James W. Bennett.
260 ## - PUBLICATION, DISTRIBUTION, ETC.
Place of publication, distribution, etc. Grand Rapids, Mich. :
Name of publisher, distributor, etc. W.B. Eerdmans Pub.,
Date of publication, distribution, etc. c2005.
300 ## - PHYSICAL DESCRIPTION
Extent xi, 97 p. ;
Dimensions 21 cm.
700 1# - ADDED ENTRY--PERSONAL NAME
Personal name Bennett, James W.,
Dates associated with a name 1942-
942 ## - ADDED ENTRY ELEMENTS (KOHA)
Source of classification or shelving scheme Library of Congress Classification
Koha item type Books
Suppress in OPAC No
999 ## -
-- 6526
-- 6526
Holdings
Withdrawn status Lost status Source of classification or shelving scheme Damaged status Not for loan Collection Home library Current library Shelving location Date acquired Total checkouts Full call number Barcode Date last seen Copy number Price effective from Koha item type
    Library of Congress Classification     Non-fiction Undergraduate Library (Christ Temple) Undergraduate Library (Christ Temple) General stacks 06/17/2025   BS445.558 SMI ulct00003348 06/17/2025 1 06/17/2025 Books
© 2023-2024 Copyright: Central University Libraries. All Rights Reserved | Created by: Mahone Tech Office